| 000 | 00777nam a2200193Ii 4500 | ||
|---|---|---|---|
| 003 | JO-AjNU | ||
| 008 | 230605s9999||||xx |||||||||||||| ||und|| | ||
| 040 |
_aJO-AjNU _bara _erda _cJO-AjNU |
||
| 041 | _aara | ||
| 050 | 1 | 4 | _aHF5668.25 .A2244 1988 |
| 100 | 3 |
_aعثمان، عبدالرزاق محمد, _eauthor _914503 |
|
| 245 | 0 | 0 | _aاصول التدقيق والرقابة الداخلية |
| 264 | 3 | 1 | _aالموصل: مديرية دار الكتب للطباعة والنشر،1988 |
| 300 |
_a216ص _bيحتوي على قائمة المصطلحات و ببلوغرافية من ص 211-216ص |
||
| 336 |
_atext _btxt _2rdacontent |
||
| 337 |
_aunmediated _bn _2rdamedia |
||
| 338 |
_avolume _bnc _2rdacarrier |
||
| 650 | 4 |
_aالتدقيق- الرقابة الداخلية _914504 |
|
| 999 |
_aA3883 _c7451 _d7451 |
||